000 00944cam a22002897a 4500
942 _cBK
999 _c685
_d685
001 16469059
003 OSt
005 20250420134821.0
008 100921s2010 enka b 001 0 eng d
010 _a 2010484052
020 _a9780521816144 (hbk.)
035 _a(OCoLC)ocn437083083
040 _aUKM
_cUKM
_dBWKUK
050 0 0 _aQC753.2
_b.C64 2010
082 0 4 _a538
_222
_bCo Ma
100 1 _aCoey, J. M. D.
_95315
245 1 0 _aMagnetism and magnetic materials /
_cJ.M.D. Coey.
260 _aCambridge :
_bCambridge University Press,
_c2010.
300 _axii, 614 p. :
_bill. ;
_c26 cm.
500 _aWith tables printed on endpapers.
504 _aIncludes bibliographical references and indexes.
650 0 _aMagnetism.
_93778
650 0 _aMagnetic materials.
_93779
856 _uhttp://www.gbv.de/dms/bowker/toc/9780521816144.pdf
_mDE-601
_nBibl.ISILDE-601
_qpdf/application
_yInhaltsverzeichnis
_304
942 _2ddc